Statistiques concernant Les pays océaniens gagnent en population en 2100

Cliquez ici pour prendre le quiz!

Statistiques générales

  • Ce quiz a été pris 49 fois
  • Le résultat moyen est 4 sur 6

Statistiques - réponses

Taux de croissance
de la population
Pays% Correct
+0.07%Nouvelle-Zélande
100%
+0.46%Australie
98%
+0.26%Papouasie-Nouvelle-Guinée
62%
+0.75%Salomon
62%
+0.22%Kiribati
49%
+0.08%Tuvalu
45%

Distribution des résultats

Percentile par nombre de réponses

% des personnes avec chaque résultat

Votre développement - résultats

Vous n’avez pas pris ce quiz